Porce III proyecto hidroeléctrico: (Registro nro. 17456)

Detalles MARC
000 -CABECERA
Campo de control 01163nam a22002897a 4500
005 - FECHA Y HORA DE LA ULTIMA TRANSACCION
Campo de control 20160330020002.0
008 - ELEMENTOS DE LONGITUD FIJA—INFORMACION GENERAL
Campo de control 150609b2013 ck ||||| |||| 00| 0 spa d
020 ## - ISBN
ISBN 9789585829602
040 ## - FUENTE DE CATALOGACIÓN
Agencia catalogadora original Co-BoIAVH
Agencia transcriptora Co-BoIAVH
041 #0 - IDIOMA
Código de idioma para texto/pista de sonido o título separado Español
044 ## - PAÍS DE PUBLICACIÓN
País de publicación Colombia
082 #4 - NUMERO DE CLASIFICACION DECIMAL DEWEY
Número de clasificación 577.506
Número del ítem E64p
110 1# - ASIENTO PRINCIPAL--NOMBRE CORPORATIVO
Nombre corporativo o de jurisdicción como elemento de entrada Empresas Públicas de Medellín-EPM
9 (RLIN) 34176
245 1# - MENCION DE TITULO
Título Porce III proyecto hidroeléctrico:
Parte restante del título Gestión Ambiental (Tomo I)/
Mención de responsabilidad Empresas Públicas de Medellín-EPM
250 ## - MENCION DE EDICION
Mención de edición 1a. Ed.
260 #3 - PUBLICACION, DISTRIBUCION, ETC. (PIE DE IMPRENTA)
Lugar de publicación, distribución, etc. Medellín:
Nombre del editor, distribuidor, etc. Empresas Públicas de Medellín,
Fecha de publicación, distribución, etc. 2013.
300 ## - DESCRIPCION FISICA
Extensión 283 p.
Otros detalles físicos tab., il., fot, col.
Dimensiones 24x17 cm.
490 ## - MENCION DE SERIE
Mención de serie Porce III proyecto hidroeléctrico
504 ## - NOTA DE BIBLIOGRAFIA, ETC.
Nota de bibliografía Incluye bibliografía.
520 ## - NOTA DE RESUMEN, ETC.
Nota de resumen Se relatan en esta serie de documentos los procesos de gestión ambiental y social que se dieron a raíz del desarrollo de la hidroeléctrica Porce III.
650 #4 - ASIENTO SECUNDARIO DE MATERIA - TERMINO TEMATICO
Término temático o nombre geográfico como elemento de entrada Medio ambiente natural
Subdivisión geográfica Antioquia
9 (RLIN) 34598
650 #4 - ASIENTO SECUNDARIO DE MATERIA - TERMINO TEMATICO
Término temático o nombre geográfico como elemento de entrada Proyecto de desarrollo
Subdivisión geográfica Antioquia
9 (RLIN) 34599
650 #4 - ASIENTO SECUNDARIO DE MATERIA - TERMINO TEMATICO
Término temático o nombre geográfico como elemento de entrada Conservación ambiental
Subdivisión geográfica Antioquia
9 (RLIN) 34600
700 1# - ASIENTO SECUNDARIO - NOMBRE PERSONAL
Nombre personal Mesa, Jorge
Término de relación Coordinador
9 (RLIN) 34181
700 1# - ASIENTO SECUNDARIO - NOMBRE PERSONAL
Nombre personal Herrera, Hugo
Término de relación Coordinador
9 (RLIN) 34182
942 ## - ELEMENTOS ADICIONALES (KOHA)
Sistema de clasificación Dewey Decimal Classification
Tipo de ítem Libro
Koha issues (borrowed), all copies 1
Existencias
Withdrawn status Lost status Sistema de Clasificación Damaged status No para préstamo Colección Inventariado Ubicación Permanente Ubicación actual Fecha de adquisición Fuente de Valor Valor Total Checkouts Número topográfico Inventario / Código de Barras Date last seen Date checked out Ejemplar Price effective from Forma de adquisición Tipo de material
    Dewey Decimal Classification     General Inventariado 2017 Bogotá Bogotá 09/06/2015 Instituto 39000.00 1 LB-577.506 E64p 039058 29/03/2016 29/03/2016 Ej. 1 09/06/2015   Libro